| 000 | 00865cam a2200277 4500 | ||
|---|---|---|---|
| 999 |
_c7659 _d7659 |
||
| 001 | 7659 | ||
| 003 | BD-JhCC | ||
| 005 | 20180212183748.0 | ||
| 008 | 730831s1974 nyua b 001 0 eng | ||
| 020 | _a0030855144 | ||
| 035 | _a(BD-JhCC)7659 | ||
| 040 |
_aDLC _cDLC _dDLC _dBD-JhCC |
||
| 041 | _aeng | ||
| 050 | 0 | 0 |
_aLB1584 _b.P68 1974 |
| 082 | 0 | 0 |
_a372.8/3/044 _bPRE 1974 |
| 100 | 1 |
_aPreston, Ralph Clausius, _d1908- |
|
| 245 | 1 | 0 |
_aTeaching social studies in the elementary school _c[by] Ralph C. Preston [and] Wayne L. Herman, Jr. |
| 250 | _a4th ed. | ||
| 260 |
_aNew York, _bHolt, Rinehart and Winston _c[1974] |
||
| 300 |
_avi, 584 p. _billus. _c24 cm. |
||
| 504 | _aIncludes bibliographical references. | ||
| 650 | 0 |
_aSocial sciences _xStudy and teaching (Elementary) |
|
| 700 | 1 | _aHerman, Wayne L., | |
| 942 |
_2ddc _cBK |
||